| 000 | 01295nam a2200433 i 4500 | ||
|---|---|---|---|
| 001 | vtls000522058 | ||
| 003 | PNM | ||
| 005 | 20221220122129.0 | ||
| 008 | 080312s2008 my | e | 000 f may | ||
| 015 | _aM10-07094 | ||
| 020 |
_a9789831243671 (kkt.) : _qpaperback _cRM00.00 |
||
| 039 | 9 |
_a201008240828 _broslelawati _c201007071116 _dkhuraisah _c200911200845 _dnorazah _c200909070836 _djalil |
|
| 040 |
_aBNM _cPNM _beng _dPPAK _erda |
||
| 049 | _aklpmal | ||
| 082 | 0 | 4 |
_a899.2333 _223 |
| 090 | 0 | 0 |
_a899.2333 _bILA _dG |
| 100 | 0 |
_aIlani Mysara, _4author. |
|
| 245 | 1 | 0 |
_aFITRAH KASIH/ _cILANI MYSARA |
| 264 | 1 |
_aKuala Lumpur : _bAlaf Dua Puluh Satu Sendirian Berhad, _c2008 |
|
| 300 |
_a476 pages ; _c19 cm |
||
| 336 |
_atext _2rdacontent |
||
| 337 |
_aunmediated _2rdamedia |
||
| 338 |
_avolume _2rdacarrier |
||
| 650 | 1 | 0 | _aMalay fiction |
| 650 | 2 | 0 | _aMalaysian fiction (Malay) |
| 942 |
_2ddc _cB |
||
| 949 |
_62000456462 _a899.2333 ILA M |
||
| 949 |
_62000456461 _a899.2333 ILA M |
||
| 949 |
_62000324469 _a899.2333 ILA M |
||
| 949 |
_62000324470 _a899.2333 ILA M |
||
| 949 | _61001049151 | ||
| 949 | _61001049152 | ||
| 949 |
_61001049153 _e1568103 |
||
| 949 | _61001049154 | ||
| 949 | _61001049155 | ||
| 949 | _61001049156 | ||
| 949 | _61001049157 | ||
| 949 | _61001049158 | ||
| 999 |
_c189435 _d189435 |
||